[Event "Agneaux St Lo op 18th"]
[Site "Agneaux"]
[Date "2017.07.12"]
[Round "6.5"]
[White "Verin, Jules"]
[Black "Hasle, Antoine"]
[Result "1-0"]
[WhiteElo "1835"]
[BlackElo "1599"]
[PlyCount "91"]
[EventDate "2017.07.08"]
[EventType "swiss"]
[EventRounds "9"]
[EventCountry "FRA"]
[SourceTitle "EXT 2020"]
[Source "ChessBase"]
[SourceDate "2019.10.17"]
[SourceVersion "1"]
[SourceVersionDate "2019.10.17"]
[SourceQuality "1"]

1. d4 Nf6 2. Nf3 e6 3. c4 d5 4. Bg5 Be7 5. Nbd2 Nbd7 6. e3 0-0 7. Bd3 c5 8. cxd5 exd5 9. 0-0 Re8 10. Qc2 c4 11. Be2 b5 12. a4 b4 13. Ne5 Bb7 14. f4 a6 15. Bf3 Rc8 16. Rac1 Qa5 17. Qf5 Nxe5 18. fxe5 g6 19. Qf4 c3 20. Bxf6 cxd2 21. Rxc8 Bxc8 22. Bd1 Be6 23. Qh4 Bf8 24. Qf2 b3 25. Bxb3 Qb4 26. Bc2 Rc8 27. Bd1 Qxb2 28. Bg5 Bb4 29. Bh6 Bf8 30. Bxf8 Kxf8 31. Qe2 Rc1 32. Qxa6 Kg7 33. Qe2 h5 34. h3 Qc3 35. Kh2 Bf5 36. Qf3 Qd3 37. g4 Qxf1 38. Qxf1 Bc2 39. Qf6+ Kg8 40. e6 Rxd1 41. Qxf7+ Kh8 42. Qf8+ Kh7 43. Qe7+ Kh8 44. Qd8+ Kh7 45. Qc7+ Kh8 46. Qxc2 1-0